000 00715nam a22002417a 4500
003 UA-OsUOA
001 35062
007 ta
008 20051107b un ||||| |||| 00| 0 ukr d
100 _aМедведева А. М.
090 _a81,374.2-111
_bМ42
942 _cBK
040 _aUA-OsUOA
_bukr
_cUA-OsUOA
_dUA-OsUOA
245 _aАнгло-український словник
300 _a493 с.
955 _a2
041 _aukr
080 _a81,374.2-111
020 _a81,347,2-111
260 _aК.
_bУкраїнська енциклопедія
_c1992
650 7 _a8 Мовознавство. Художня література. Літературознавство
_2UDC
999 _c321448
_d321448